|
|
|
|
| LEADER |
00000nab a2200000 a 4500 |
| 001 |
vtls000491440 |
| 003 |
SK-MaSNL |
| 005 |
20260303193024.0 |
| 008 |
160204c1988 xo 0 cze |
| 015 |
|
|
|a SNBRA19rr/mm-uuuuu
|
| 035 |
|
|
|a CL0491578
|
| 040 |
|
|
|a SNKBUCL
|b slo
|c SNKBUCL
|e AACR2
|
| 041 |
0 |
|
|a cze
|
| 044 |
|
|
|a xo
|c SK
|
| 080 |
|
|
|a 523.682
|2 1981
|
| 100 |
1 |
|
|a Rajchl, J.
|4 aut
|9 1174450
|
| 245 |
1 |
0 |
|a Od psí-struktur dále a nazpět
|c J. Rajchl
|
| 300 |
|
|
|b Sch. 4, lit. 6 zázn. v angl., ruš.
|
| 650 |
0 |
7 |
|a meteory
|2 snkbucl
|9 2409
|
| 655 |
|
7 |
|a články zo zborníkov
|2 snkbucl
|9 166140
|
| 773 |
0 |
|
|t Zborník referátov z 1. celoštátneho seminára o medziplanetárnej hmote
|d Hurbanovo : Slov. ústredie amatérskej astronómie, 1988
|g S. 105-110
|
| 850 |
|
|
|a Slovenská národná knižnica v Martine
|a MTA001
|
| 852 |
|
|
|a SNK
|b KIS3GCP
|
| 958 |
|
|
|a NB
|
| 958 |
|
|
|a RK
|
| 958 |
|
|
|a CZ
|
| 992 |
|
|
|a RZB
|
| 999 |
|
|
|c 2149986
|d 2151916
|